Migrantes latinoamericanos y caribeños: síntesis histórica y tendencias recientes

में बचाया:
ग्रंथसूची विवरण
मुख्य लेखक: Pellegrino, Adela
स्वरूप: मूलपाठ
प्रकाशित: s.l.: Universidad de la República Oriental de Uruguay. Facultad de Ciencias Sociales. Programa de Población
विषय:
टैग: टैग जोड़ें
कोई टैग नहीं, इस रिकॉर्ड को टैग करने वाले पहले व्यक्ति बनें!

MARC

LEADER 00000 a a2200000 04500
001 27062
003
040 |a CRAI/IIS  |c CRAI/IIS 
090 |a 1001 P386m  
100 |a Pellegrino, Adela  
245 |a Migrantes latinoamericanos y caribeños: síntesis histórica y tendencias recientes  
260 |a s.l.:   |b Universidad de la República Oriental de Uruguay. Facultad de Ciencias Sociales. Programa de Población  
300 |a 137 p  
650 |a MIGRACION  
650 |a MIGRACION INTERNACIONAL  
650 |a DERECHOS DE MIGRACION  
650 |a ESTADISTICAS DE MIGRACION  
650 |a POLITICA MIGRATORIA  
650 |a INMIGRACION  
650 |a DINAMICAS DE LA POBLACION  
650 |a ANALISIS DEMOGRAFICO  
650 |a POBLACION  
650 |a ASPECTOS DEMOGRAFICOS  
650 |a ESTADISTICAS DEMOGRAFICAS  
650 |a CAMBIO DEMOGRAFICO  
650 |a MIGRACION  
650 |a MIGRACION INTERNACIONAL  
650 |a DERECHOS DE MIGRACION  
650 |a ESTADISTICAS DE MIGRACION  
650 |a POLITICA MIGRATORIA  
650 |a IMIGRACION  
650 |a DINAMICAS DE LA POBLACION  
650 |a ANALISIS DEMOGRAFICO  
650 |a POBLACION  
650 |a ASPECTOS DEMOGRAFICOS  
650 |a ESTADISTICAS DEMOGRAFICAS  
650 |a CAMBIO DEMOGRAFICO  
999 |c 6260  |d 6260